El eslabón perdido / (Record no. 178037)

MARC details
000 -LEADER
campo de control de longitud fija 01024nam a2200289 i 4500
001 - NÚMERO DE CONTROL
campo de control 178037
003 - IDENTIFICADOR DE NÚMERO DE CONTROL
campo de control ES-MaACL
005 - FECHA Y HORA DE LA ÚLTIMA TRANSACCIÓN
campo de control 20230902114638.0
008 - DATOS DE LONGITUD FIJA--INFORMACIÓN GENERAL
campo de control de longitud fija 110513s2002 sp |||| |bspa d
020 ## - NÚMERO INTERNACIONAL ESTÁNDAR DEL LIBRO
Número Internacional Estándar del Libro 84-8472-053-5
080 ## - NÚMERO DE LA CLASIFICACIÓN DECIMAL UNIVERSAL
Número de la Clasificación Decimal Universal 821.134.2-31"19"
100 1# - ENTRADA PRINCIPAL--NOMBRE DE PERSONA
Nombre de persona Carnés, Luisa.
9 (RLIN) 35375
245 13 - MENCIÓN DEL TÍTULO
Título El eslabón perdido /
Mención de responsabilidad, etc. Luisa Carnés ; edición de Antonio Plaza Plaza.
260 ## - PUBLICACIÓN, DISTRIBUCIÓN, ETC.
Lugar de publicación, distribución, etc. Sevilla :
Nombre del editor, distribuidor, etc. Renacimiento,
Fecha de publicación, distribución, etc. 2002.
300 ## - DESCRIPCIÓN FÍSICA
Extensión 307 p. :
Otras características físicas 1 retr. ;
Dimensiones 22 cm.
490 1# - MENCIÓN DE SERIE
Mención de serie Biblioteca del exilio ;
Designación de volumen o secuencia 9
504 ## - NOTA DE BIBLIOGRAFÍA, ETC.
Nota de bibliografía, etc. Bibliografía: p. 69-72.
505 8# - NOTA DE CONTENIDO CON FORMATO
Nota de contenido con formato Contiene: ;
Título Salmos del adolescente desterrado, 1946
600 14 - PUNTO DE ACCESO ADICIONAL DE MATERIA--NOMBRE DE PERSONA
Nombre de persona Plaza Plaza, Antonio.
9 (RLIN) 146523
740 02 - ENTRADA AGREGADA--TÍTULO RELACIONADO/ANALÍTICO NO CONTROLADO
Título relacionado o analítico no controlado Salmos del adolescente desterrado.
830 0# - PUNTO DE ACCESO ADICIONAL DE SERIE-TÍTULO UNIFORME
Título uniforme Biblioteca del exilio ;
Designación de volumen o secuencia 9
9 (RLIN) 180374
852 ## - LOCALIZACIÓN
Ubicación ES-MaACL
Número de control de estantería A-11177
itemnumber 184896
Sublocalización o colección R.145521
Ubicación en estantería Depósito 1
Signatura antigua Olim: N-4182
Encuadernación Donación: Jose Esteban
903 ## - NOMBRE PERSONAL DE DONANTE
9 234040
a Esteban, José
e Donante
942 ## - ELEMENTOS DE ENTRADA SECUNDARIOS (KOHA)
Fuente del sistema de clasificación o colocación Clasificación decimal universal
Tipo de ítem Koha Libro impreso
Holdings
Estatus retirado Estado de pérdida Fuente del sistema de clasificación o colocación Estado de daño No para préstamo Biblioteca de origen Biblioteca actual Ubicación en estantería Fecha de adquisición Fuente de adquisición Total de préstamos Signatura topográfica completa Código de barras Visto por última vez Precio de reemplazo Tipo de ítem Koha
    Clasificación decimal universal     Biblioteca del Ateneo de Madrid Biblioteca del Ateneo de Madrid Depósito 1 13/05/2011 Donación   A-11177 1187029 23/02/2023 23/02/2023 Libro impreso